Loading...

यहाँ हाथी रहते थे

Bibliographic Details
Main Author: गीतांजलि श्री
Other Authors: Gitanjali Shree
Format: Printed Book
Published: New Delhi Rajkamal 2012
Subjects:
LEADER 00570nam a22001577a 4500
020 |a 978 81 267 2239 6 
082 |a H891.433  |b GIT/Y 
100 |a गीतांजलि श्री  
245 |a यहाँ हाथी रहते थे  
260 |a New Delhi  |b Rajkamal  |c 2012 
300 |a 196p. 
650 |a Yahan hathi rahthe the  |a Hindi fiction 
700 |a Gitanjali Shree 
942 |c BK 
999 |c 32740  |d 32740 
952 |0 0  |1 0  |4 0  |6 H_891_433000000000000_GITY  |7 0  |8 Stack  |9 34612  |a KUCL  |b KUCL  |c Stack  |d 2015-06-08  |g 196.00  |l 0  |o H891.433 GIT/Y  |p 38675  |r 2015-06-08  |w 2015-06-08  |y BK